<?xml version="1.0" encoding="UTF-8"?>
<record
    xmlns:xsi="http://www.w3.org/2001/XMLSchema-instance"
    xsi:schemaLocation="http://www.loc.gov/MARC21/slim http://www.loc.gov/standards/marcxml/schema/MARC21slim.xsd"
    xmlns="http://www.loc.gov/MARC21/slim">

  <leader>01179nam a2200205 a 4500</leader>
  <controlfield tag="001">000043250</controlfield>
  <controlfield tag="005">20201002040746.0</controlfield>
  <controlfield tag="008">140303s2009    sp            000 0 spa d</controlfield>
  <datafield tag="020" ind1=" " ind2=" ">
    <subfield code="a">9788483471050</subfield>
  </datafield>
  <datafield tag="040" ind1=" " ind2=" ">
    <subfield code="a">DO-SdBNP</subfield>
    <subfield code="b">spa</subfield>
    <subfield code="c">BNPHU</subfield>
  </datafield>
  <datafield tag="041" ind1="1" ind2="7">
    <subfield code="a">spa.</subfield>
    <subfield code="h">alb.</subfield>
  </datafield>
  <datafield tag="245" ind1="0" ind2="0">
    <subfield code="a">Arberia-Sefarad :</subfield>
    <subfield code="b">en el espejo del otro, las relaciones entre Skanderbeg y la corona de Arag&#xF3;n y las experiencias paralelas de los Sefard&#xED;es y los Arberesh =Arb&#xEB;ria-Sefaradi: n&#xEB; pasqyr&#xEB;n e tjetrit : marr&#xEB;dh&#xEB;niet nd&#xEB;rmjet Sk&#xEB;nderbeut dhe Kur&#xF6;res s&#xEB; Aragon&#xEB;s dhe eksperiencat paralele t&#xEB; sefardive dhe t&#xEB; arb&#xEB;resh&#xEB;ve /</subfield>
    <subfield code="c">Manuel Montobbio, [et al.].</subfield>
  </datafield>
  <datafield tag="246" ind1="1" ind2="0">
    <subfield code="a">Arb&#xEB;ria-Sefaradi : n&#xEB; pasqyr&#xEB;n e tjetrit : marr&#xEB;dh&#xEB;niet nd&#xEB;rmjet Sk&#xEB;nderbeut dhe Kur&#xF6;res s&#xEB; Aragon&#xEB;s dhe eksperiencat paralele t&#xEB; sefardive dhe t&#xEB; arb&#xEB;resh&#xEB;ve</subfield>
  </datafield>
  <datafield tag="260" ind1=" " ind2=" ">
    <subfield code="a">Madrid :</subfield>
    <subfield code="b">Agencia Espa&#xF1;ola de Cooperaci&#xF3;n Internacional para el Desarrollo,</subfield>
    <subfield code="c">2009.</subfield>
  </datafield>
  <datafield tag="300" ind1=" " ind2=" ">
    <subfield code="a">177 p. :</subfield>
    <subfield code="b">il.,+CD. ;</subfield>
    <subfield code="c">24 cm.</subfield>
  </datafield>
  <datafield tag="490" ind1="1" ind2=" ">
    <subfield code="a">Ciencias y humanismo</subfield>
  </datafield>
  <datafield tag="546" ind1=" " ind2=" ">
    <subfield code="a">textos en castellano y alban&#xE8;s</subfield>
  </datafield>
  <datafield tag="504" ind1=" " ind2=" ">
    <subfield code="a">Incluye referencias bibliogr&#xE1;ficas y notas al pie de las p&#xE1;ginas</subfield>
  </datafield>
  <datafield tag="830" ind1=" " ind2="0">
    <subfield code="a">Ciencias y humanismo</subfield>
    <subfield code="9">70218</subfield>
  </datafield>
  <datafield tag="952" ind1=" " ind2=" ">
    <subfield code="0">0</subfield>
    <subfield code="1">0</subfield>
    <subfield code="5">0</subfield>
    <subfield code="7">1</subfield>
    <subfield code="8">MO</subfield>
    <subfield code="a">GR</subfield>
    <subfield code="b">GR</subfield>
    <subfield code="c">CT</subfield>
    <subfield code="d">2014-03-03</subfield>
    <subfield code="i">LF1</subfield>
    <subfield code="l">0</subfield>
    <subfield code="o"> </subfield>
    <subfield code="p">43250-10</subfield>
    <subfield code="r">2020-06-25</subfield>
    <subfield code="w">2020-06-25</subfield>
    <subfield code="y">1</subfield>
    <subfield code="Z">No se presta</subfield>
  </datafield>
  <datafield tag="999" ind1=" " ind2=" ">
    <subfield code="c">42739</subfield>
    <subfield code="d">42739</subfield>
  </datafield>
</record>
